000 00312nam a22001457a 4500
008 230213b ||||| |||| 00| 0 eng d
020 _a9780895827852
041 _aeng
080 _a573
082 _a573WIS
100 _a15
101 _aBIOLO
245 _aMARINE BIOLOGY
_cWISEHART .D.G
942 _2udc
_cBK
999 _c59354
_d59354